000 00708nam a2200229 a 4500
001 BRL_1952
005 20190320211441.0
008 201216s1950----mx-a######---#000-0#spa-#
041 _aspa
050 4 _bD48 1950
100 1 _aDeutsch Reiss, Hans P.
_928297
245 1 0 _aInfluencia en los envases de vidrio en las propiedades de los contenidos industriales.
260 _aMéxico, D.F.
_c1950
300 _a65 p.
_bil.
_c23 cm.
500 _aAu1255
502 _aTesis Licenciatura (Licenciado en Químico Zimologo) IPN, Escuela Nacional de Ciencias Biológicas
650 1 4 _aVidrio
_928298
650 1 4 _aEnvase de vidrio
_928299
650 1 4 _aBebidas
_928300
902 _aTERL
942 _2lcc
_cTES
999 _c10759
_d10759